000 00309nam a22000977a 4500
008 150713b xxu||||| |||| 00| 0 eng d
010 _8HCCRSARF:025
245 _aHIGH COURT CRIMINAL SESSION NO.199 OF 1974 Uganda Vs Ahamada Mukasa
260 _aHigh Court Kampala
500 _3BEFORE: Hon. Mr. Justice F.K. Butagira
999 _c7715
_d7715